Actors who worked with John Madden - Statistics

General Stats
  • This quiz has been taken 7 times
  • The average score is 21 of 58
Answer Stats
Films Answer % Correct
Shakespeare in Love, Operation Mincemeat Colin Firth
83%
Shakespeare in Love, Proof Gwyneth Paltrow
83%
Shakespeare in Love Ben Affleck
67%
The Best Exotic Marigold Hotel, The Second Best Exotic Marigold Hotel Bill Nighy
67%
Captain Corelli's Mandolin Christian Bale
67%
Shakespeare in Love Joseph Fiennes
67%
Mrs Brown, Shakespeare in Love, The Best Exotic Marigold Hotel, The Second Best Exotic Marigold Hotel Judi Dench
67%
The Best Exotic Marigold Hotel, The Second Best Exotic Marigold Hotel Maggie Smith
67%
Captain Corelli's Mandolin Nicolas Cage
67%
Captain Corelli's Mandolin Penélope Cruz
67%
The Debt Ciarán Hinds
50%
The Best Exotic Marigold Hotel, The Second Best Exotic Marigold Hotel Dev Patel
50%
Shakespeare in Love Geoffrey Rush
50%
The Debt Helen Mirren
50%
The Debt, Miss Sloane Jessica Chastain
50%
Captain Corelli's Mandolin John Hurt
50%
Miss Sloane Mark Strong
50%
The Debt Sam Worthington
50%
Shakespeare in Love, The Debt, The Best Exotic Marigold Hotel Tom Wilkinson
50%
Miss Sloane Alison Pill
33%
Proof Anthony Hopkins
33%
The Best Exotic Marigold Hotel, The Second Best Exotic Marigold Hotel Celia Imrie
33%
Killshot Diane Lane
33%
Proof Hope Davis
33%
Shakespeare in Love Imelda Staunton
33%
Captain Corelli's Mandolin Irene Papas
33%
Proof Jake Gyllenhaal
33%
Miss Sloane Jake Lacy
33%
Golden Gate Joan Chen
33%
Miss Sloane John Lithgow
33%
Ethan Frome Liam Neeson
33%
Shakespeare in Love Martin Clunes
33%
Golden Gate Matt Dillon
33%
Killshot Mickey Rourke
33%
Shakespeare in Love Antony Sher
17%
Mrs Brown Billy Connolly
17%
Captain Corelli's Mandolin David Morrissey
17%
The Second Best Exotic Marigold Hotel David Strathairn
17%
The Best Exotic Marigold Hotel, The Second Best Exotic Marigold Hotel Diana Hardcastle
17%
Mrs Brown Gerard Butler
17%
Miss Sloane Gugu Mbatha-Raw
17%
Operation Mincemeat Jason Isaacs
17%
Ethan Frome Joan Allen
17%
Killshot Joseph Gordon-Levitt
17%
Operation Mincemeat Kelly Macdonald
17%
The Best Exotic Marigold Hotel, The Second Best Exotic Marigold Hotel Lillete Dubey
17%
Operation Mincemeat Mark Gatiss
17%
Operation Mincemeat Matthew Macfadyen
17%
Miss Sloane Michael Stuhlbarg
17%
Operation Mincemeat Paul Ritter
17%
The Best Exotic Marigold Hotel, The Second Best Exotic Marigold Hotel, Operation Mincemeat Penelope Wilton
17%
The Best Exotic Marigold Hotel, The Second Best Exotic Marigold Hotel Ronald Pickup
17%
Killshot Rosario Dawson
17%
Miss Sloane Sam Waterston
17%
The Best Exotic Marigold Hotel, The Second Best Exotic Marigold Hotel Sid Makkar
17%
Ethan Frome Tate Donovan
17%
Killshot Thomas Jane
17%
The Best Exotic Marigold Hotel, The Second Best Exotic Marigold Hotel Tina Desai
17%
No matching quizzes found
Score Distribution
Percent of People with Each Score
Percentile by Number Answered
Your Score History
You have not taken this quiz